Nam Munnor (Personages of the past) (Record no. 2316)

MARC details
000 -LEADER
fixed length control field 006360000a22001690004500
003 - CONTROL NUMBER IDENTIFIER
control field LK-CoMWRAF
008 - FIXED-LENGTH DATA ELEMENTS--GENERAL INFORMATION
fixed length control field 230817t ||||| |||| 00| 0 eng d
040 ## - CATALOGING SOURCE
Original cataloging agency LK-CoMWRAF
Modifying agency LK-CoMWRAF
Description conventions LK-CoMWRAF
041 ## - LANGUAGE CODE
Language code of text/sound track or separate title English
942 ## - ADDED ENTRY ELEMENTS (KOHA)
Koha item type Books
100 ## - MAIN ENTRY--PERSONAL NAME
Personal name Effendi, Mohamed Sameer Bin Haji Ismail
700 ## - ADDED ENTRY--PERSONAL NAME
Personal name Zahir,, M.C.M.
Relator Term editor
245 ## - TITLE STATEMENT
Title Nam Munnor (Personages of the past)
Remainder of title (Sri Lankavin Kadantha Kaala Sonagar, Malayar, Mattrum Muslimgal) (Moors, Malays and other Muslims of the past of Sri Lanka)
260 ## - PUBLICATION, DISTRIBUTION, ETC. (IMPRINT)
Name of publisher, distributor, etc. Yonaka Islamiya Kalasara Nilaiyam (Moors Islamic Cultural Home)
Place of publication, distribution, etc. Sri Lanka
Date of publication, distribution, etc. 1979
300 ## - PHYSICAL DESCRIPTION
Extent p.172
650 ## - SUBJECT ADDED ENTRY--TOPICAL TERM
Topical term or geographic name as entry element Tamil Text
Holdings
Withdrawn status Lost status Damaged status Not for loan Permanent Location Current Location Date acquired Barcode Koha item type
        Resource center, Muslim Women's Research And Action Forum Resource center, Muslim Women's Research And Action Forum 2023-08-17 0003435 Books

Copyright © 2023 Muslim Women's Research and Action Forum (MWRAF), No 27/3, Anderson Road, Kalubowila, Dehiwela. Funded by The Asia Fundation